000
00303nam a2200133Ia 4500
008
231129s1969||||xx |||||||||||||| ||spa||
040
_b
spa
082
_a
(i) 791.53 G252ti
100
_a
Gasset Angeles
245
0
_a
Titeres con cachiporra
260
_c
1969
264
_a
Aguilar
942
_2
ddc
_c
BKS
999
_c
25427
_d
25427